[Event "Texas-ch"]
[Site "Dallas"]
[Date "2003.05.25"]
[Round "4"]
[White "Secheli, Gheorghe"]
[Black "Trammell, George"]
[Result "1-0"]
[WhiteElo "2084"]
[BlackElo "2033"]
[PlyCount "69"]
[EventDate "2003.05.23"]
[EventType "swiss"]
[EventRounds "7"]
[EventCountry "USA"]
[SourceTitle "EXT 2005"]
[Source "ChessBase"]
[SourceDate "2004.11.15"]
[SourceVersion "1"]
[SourceVersionDate "2004.11.15"]
[SourceQuality "1"]

1. e4 c5 2. Nf3 d6 3. d4 cxd4 4. Qxd4 Bd7 5. Bg5 Nc6 6. Qd2 h6 7. Be3 Nf6 8. Nc3 e6 9. Be2 Be7 10. Nd4 a6 11. f4 Qc7 12. Nb3 b5 13. a3 0-0 14. g4 Rfd8 15. Bf3 Rac8 16. h4 Na5 17. Nxa5 Qxa5 18. g5 b4 19. Na2 Qa4 20. Nxb4 a5 21. b3 Qb5 22. Nd3 Qc6 23. Nf2 Be8 24. gxf6 Bxf6 25. Bd4 e5 26. Bb2 a4 27. Rc1 Qb5 28. b4 Bc6 29. c4 Qb6 30. Ng4 Be7 31. f5 Rd7 32. f6 h5 33. Nh6+ Kh7 34. fxg7 Rdd8 35. Nf5 1-0

[Event "Texas Masters"]
[Site "Dallas"]
[Date "2002.04.14"]
[Round "4"]
[White "Pernes, Bryan"]
[Black "Secheli, Gheorghe"]
[Result "1/2-1/2"]
[WhiteElo "1910"]
[BlackElo "2283"]
[PlyCount "71"]
[EventDate "2002.04.12"]
[EventType "swiss"]
[EventRounds "5"]
[EventCountry "USA"]
[SourceTitle "EXT 2003"]
[Source "ChessBase"]
[SourceDate "2002.11.25"]
[SourceVersion "1"]
[SourceVersionDate "2002.11.25"]
[SourceQuality "1"]

1. e4 c5 2. Nf3 Nc6 3. Bb5 e6 4. 0-0 Nge7 5. Re1 a6 6. Bf1 d5 7. exd5 Nxd5 8. Nc3 Be7 9. d3 0-0 10. Bd2 b6 11. g3 Bb7 12. Bg2 Bf6 13. Nxd5 exd5 14. c3 Qd7 15. Qb3 b5 16. Re2 Rae8 17. Rae1 Rxe2 18. Rxe2 Qf5 19. c4 dxc4 20. dxc4 b4 21. Be3 Na5 22. Qd1 Bxf3 23. Bxf3 Qxf3 24. Bxc5 Qc6 25. Bxf8 Kxf8 26. Qe1 Nxc4 27. Qxb4+ Nd6 28. Qb8+ Ne8 29. Qb4+ Kg8 30. Qb8 Kf8 31. Qb4+ Nd6 32. Qb8+ Nc8 33. Qb4+ Ne7 34. Qb3 Qc1+ 35. Kg2 Qc6+ 36. Kg1 1/2-1/2

[Event "Texas Masters"]
[Site "Dallas"]
[Date "2002.04.14"]
[Round "5"]
[White "Secheli, Gheorghe"]
[Black "Land, Chris K"]
[Result "1-0"]
[WhiteElo "2283"]
[BlackElo "2241"]
[PlyCount "57"]
[EventDate "2002.04.12"]
[EventType "swiss"]
[EventRounds "5"]
[EventCountry "USA"]
[SourceTitle "EXT 2003"]
[Source "ChessBase"]
[SourceDate "2002.11.25"]
[SourceVersion "1"]
[SourceVersionDate "2002.11.25"]
[SourceQuality "1"]

1. e4 c5 2. Nf3 Nc6 3. d4 cxd4 4. Nxd4 Nf6 5. Nc3 e5 6. Ndb5 d6 7. Bg5 a6 8. Na3 Be7 9. Nc4 Be6 10. Bxf6 gxf6 11. Ne3 b5 12. Bd3 Nb4 13. 0-0 Rc8 14. Be2 Rc5 15. a4 Qb8 16. axb5 axb5 17. Bxb5+ Rxb5 18. Nxb5 0-0 19. Nc3 Nc6 20. b3 Bd8 21. Ncd5 Kh8 22. Qh5 Rg8 23. Ra4 Rg5 24. Qd1 Kg7 25. h4 Rg6 26. Nf5+ Kf8 27. Qa1 Qb7 28. Ra8 Nb8 29. Nxd6 1-0

[Event "Satu Mare"]
[Site "Satu Mare"]
[Date "1994.??.??"]
[Round "3"]
[White "Foisor, Cristina Adela B"]
[Black "Secheli, Gheorghe"]
[Result "1-0"]
[WhiteElo "2400"]
[BlackElo "2245"]
[PlyCount "47"]
[EventDate "1994.??.??"]
[EventType "tourn"]
[EventRounds "11"]
[EventCountry "ROU"]
[EventCategory "8"]
[SourceTitle "EXT 2004"]
[Source "ChessBase"]
[SourceDate "2003.11.25"]
[SourceVersion "1"]
[SourceVersionDate "2003.11.25"]
[SourceQuality "1"]

1. c4 Nf6 2. Nf3 g6 3. g3 Bg7 4. Bg2 0-0 5. 0-0 c6 6. d4 d5 7. Nbd2 Bf5 8. Qb3 Qc8 9. Ne5 Nbd7 10. Ndf3 Be4 11. Bh3 Nc5 12. Bxc8 Nxb3 13. axb3 Rfxc8 14. Bg5 h6 15. Bxf6 Bxf6 16. Ra3 c5 17. Rfa1 cxd4 18. Rxa7 Rxa7 19. Rxa7 dxc4 20. bxc4 Rc5 21. b4 Rc8 22. c5 b6 23. Nd2 Bxe5 24. Nxe4 1-0

[Event "Satu Mare"]
[Site "Satu Mare"]
[Date "1994.??.??"]
[Round "1"]
[White "Itkis, Boris"]
[Black "Secheli, Gheorghe"]
[Result "1-0"]
[WhiteElo "2475"]
[BlackElo "2245"]
[PlyCount "67"]
[EventDate "1994.??.??"]
[EventType "tourn"]
[EventRounds "11"]
[EventCountry "ROU"]
[EventCategory "8"]
[SourceTitle "EXT 2004"]
[Source "ChessBase"]
[SourceDate "2003.11.25"]
[SourceVersion "1"]
[SourceVersionDate "2003.11.25"]
[SourceQuality "1"]

1. d4 Nf6 2. Nf3 g6 3. c4 Bg7 4. g3 c6 5. Bg2 d5 6. cxd5 cxd5 7. Nc3 0-0 8. Ne5 e6 9. Bg5 Qb6 10. Qd2 Nfd7 11. Be3 Nxe5 12. dxe5 Qa5 13. f4 Nc6 14. Bf2 b5 15. Rc1 Bb7 16. a3 b4 17. axb4 Qxb4 18. 0-0 Rfc8 19. Rfd1 Bf8 20. Nb1 a5 21. h4 Ba6 22. Qxb4 Nxb4 23. Bf3 Bc4 24. Nd2 Bb5 25. Rc3 Na2 26. Rxc8 Rxc8 27. e4 dxe4 28. Nxe4 Rc2 29. Rd8 Kg7 30. h5 Be7 31. Rb8 Rxb2 32. h6+ Kxh6 33. Rb7 Bd8 34. Rxf7 1-0